Насеља Општине Брус - Statistics

General Stats
  • This quiz has been taken 17 times
  • The average score is 16 of 58
Answer Stats
Бр становника Насеље: % Correct
4.183 Брус
100%
238 Брзеће
54%
307 Ботуња
46%
411 Грашевци
46%
519 Крива Река
46%
932 Лепенац
46%
474 Осреци
46%
80 Град
38%
295 Жуње
38%
592 Златари
38%
156 Ковиоци
38%
184 Милентија
38%
479 Разбојна
38%
105 Блажево
31%
295 Богише
31%
253 Будиловина
31%
360 Дупци
31%
17 Ђерекаре
31%
398 Жиљци
31%
559 Игрош
31%
39 Кнежево
31%
107 Кочине
31%
190 Равни
31%
132 Радманово
31%
356 Рибари
31%
578 Тршановци
31%
346 Батоте
23%
32 Бело Поље
23%
594 Велика Грабовница
23%
92 Горње Левиће
23%
51 Доње Левиће
23%
63 Жарево
23%
113 Жилинци
23%
31 Иричићи
23%
370 Кобиље
23%
174 Ливађе
23%
223 Мала Врбница
23%
182 Мала Грабовница
23%
56 Паљевштица
23%
95 Равниште
23%
523 Стројинци
23%
50 Судимља
23%
109 Шошиће
23%
87 Бозољин
15%
36 Боранци
15%
156 Брђани
15%
37 Витоше
15%
397 Влајковци
15%
62 Горњи Липовац
15%
130 Градац
15%
152 Доњи Липовац
15%
79 Дренова
15%
47 Дртевци
15%
87 Радуње
15%
33 Чокотар
15%
62 Домишевина
8%
44 Ковизла
8%
55 Стануловићи
8%
No matching quizzes found
Score Distribution
Percent of People with Each Score
Percentile by Number Answered
Your Score History
You have not taken this quiz